Star Wars, Episode III - Prologue - Statistiques

Statistiques générales
  • Ce quiz a été pris 79 fois
  • Le résultat moyen est 41 sur 80
Statistiques - réponses
Prologue % Correct
a
94%
le
83%
Le
83%
le
83%
le
83%
le
83%
Palpatine,
83%
Jedi
80%
la
80%
La
80%
la
80%
la
80%
C'est
74%
guerre !
74%
Chancelier
71%
Chancelier
71%
de
71%
de
71%
Grievous,
69%
des
66%
Général
66%
les
66%
les
66%
Dooku.
63%
est
63%
est
63%
Il
63%
République
63%
Sénat
63%
dans
60%
dans
60%
Comte
57%
deux
57%
deux
57%
pour
57%
pour
57%
y
57%
Chevaliers
54%
du
54%
Galactique.
54%
Séparatiste
54%
chef
51%
Chef
51%
droïde,
51%
Droïde
51%
Sith,
51%
une
51%
une
51%
Suprême
49%
camps.
43%
enlever
43%
son
43%
capitale
40%
capitale
40%
Mal
40%
mission
40%
partout.
40%
que
37%
sous
37%
captif.
34%
entré
34%
héros
34%
secourir
31%
Alors
29%
attaques
29%
Avec
29%
avec
29%
croule
29%
l'Armée
29%
tente
26%
otage,
23%
assiégée
20%
désespérée
20%
l'impitoyable
20%
précieux
20%
quitter
20%
audace
17%
diabolique
17%
mènent
17%
stupéfiante,
11%
Aucun quiz correspondant
Distribution des résultats
% des personnes avec chaque résultat
Percentile par nombre de réponses
Votre historique - résultats
Vous n’avez pas pris ce quiz